000 00607nam a22002177a 4500
003 UA-OsUOA
001 73326
007 ta
008 20110221b un ||||| |||| 00| 0 ukr d
100 _aПанич О.О.
090 _a101
_bП16
942 _cSA
040 _aUA-OsUOA
_bukr
_cUA-OsUOA
_dUA-OsUOA
245 _aЕмпірична теологія Джона Стюарта Міллі в історико-філософському контексті
300 _aС.51-57
955 _a0
041 _aukr
080 _a101
773 0 _w73323
650 7 _a1 Філософські науки
_2UDC
999 _c359610
_d359610